Vegetarián a svet mesačník Česko-slovenskej únie vegetariánov

Bibliographic Details
Other Authors: Mesarčíková, Viera (Publishing director), Legerská, Viera (Publishing director)
Format: Journal
Language:Slovak
PhysicalDescription:7 zv. 21-30 cm
Published: Bratislava Česko-slovenská únia vegetariánov 1990-1996
Martin Nový život Turca
Subjects:

MARC

LEADER 00000cas a2200000 a 4500
001 vtls008883911
003 SK-MaSNL
005 20260228162218.0
008 160609d19901996xo mr|p 0 0 b0slo
035 |a (SVKBB03)vtls000141729 
040 |a SVKBB  |b slo  |c SVKBB  |d SNK  |e AACR2 
041 0 |a slo 
043 |a e-xo--- 
044 |a xo  |c SK 
072 7 |a 613  |x Hygiena. Ľudské zdravie  |2 konspekt 
080 |a 641.564  |2 2001 
080 |a 050  |2 2001 
080 |a 613.261  |2 2001 
245 0 0 |a Vegetarián a svet  |b mesačník Česko-slovenskej únie vegetariánov 
260 |a Bratislava  |b Česko-slovenská únia vegetariánov  |c 1990-1996 
260 3 |3 1/1992-1996  |a Martin  |b Nový život Turca 
300 |a 7 zv.  |c 21-30 cm 
310 |a 4x ročne 
321 |a 1x mesačne  |b 1990 
362 0 |a 1990-roč. VI., č. 1-2 (1996) 
500 |a Zmena podnázvu: 1/1991-1992, oficiálny hlas Česko-slovenskej únie vegetariánov ; 1/1993, oficiálny hlas Vegetariánskej spoločnosti Slovenska 
500 |a Reg. č.: 224/90 
500 |a Tlač.: Danubiaprint, Žilina, od č. 1/1993 Tlačiareň LEV, Ružomberok, od č. 4/1993 NADAS-AFGH, Vrútky, od č. 3/1995 Merkantil, Trenčín-Zlatovce 
500 |a Šéfredaktorka: 1/1992-2/1993, Viera Mesarčíková ; 3/1993-1996, Viera Legerská 
500 |a Od č. 1/1991-3/1992 je uvádzané ISBN 80-900554-2-7, v č. zima/1992 ISBN 80-900554-5-1 
610 2 7 |a Česko-slovenská únia vegetariánov  |2 SNKKA  |9 270569 
650 0 7 |a vegetariánstvo  |2 SNKPH  |9 2613 
650 0 7 |a vegetariánske jedlá  |2 SNKPH  |9 1620 
655 7 |a špecializované časopisy  |2 SNKPH  |9 70509 
700 1 |a Mesarčíková, Viera  |4 pbd  |9 270570 
700 1 |a Legerská, Viera  |4 pbd  |9 267626 
910 |a snk 
916 |a 1990-1996 
958 |a OND 
999 |c 7155  |d 9085 
952 |0 0  |1 0  |4 0  |7 0  |a SNK  |b SNK  |d 2018-10-01  |i snkČSP 1367/94  |l 0  |o snkČSB 4250/2/1992 D1  |p 17A1154223  |r 2026-02-21 19:34:00  |t č. 1-4  |w 2026-02-21  |y PREZ 
952 |0 0  |1 0  |4 0  |7 0  |a SNK  |b SNK  |d 2018-10-01  |i snkČSP 5698/94  |l 0  |o snkČSB 4250/3/1993 D1  |p 17A1154222  |r 2026-02-21 19:34:00  |t č. 1-4  |w 2026-02-21  |y PREZ 
952 |0 0  |1 0  |4 0  |7 0  |8 0  |a SNK  |b SNK  |d 2017-05-05  |f 1  |i snk2017/10315  |l 0  |o snkČSB 4250/1/1990  |p 17A1206576  |r 2026-02-21 20:26:42  |t č. nov.-dec.  |w 2026-02-21  |y PREZ 
952 |0 0  |1 0  |4 0  |7 0  |a SNK  |b SNK  |d 2013-05-29  |i snkČSP 1366/94  |l 0  |o snkČSB 4250/1/1991 D1  |p 17A1052507  |r 2026-02-21 20:41:15  |t č. 1  |w 2026-02-21  |y PREZ 
952 |0 0  |1 0  |4 0  |7 0  |a SNK  |b SNK  |d 2015-09-07  |f 1  |i snkČSP 1368/94  |l 0  |o snkČSB 4250/2/1992  |p 17A0928372  |r 2026-02-21 20:43:28  |t č. 1-4  |w 2026-02-21  |y PREZ  |z Č. 4 je označené ako zima/1992 
952 |0 0  |1 0  |4 0  |7 0  |a SNK  |b SNK  |d 2015-09-07  |f 1  |i snkČSP 5697/94  |l 0  |o snkČSB 4250/3/1993  |p 17A0928371  |r 2026-02-21 20:43:28  |t č. 1-4  |w 2026-02-21  |y PREZ 
952 |0 0  |1 0  |4 0  |7 0  |a SNK  |b SNK  |d 2015-09-07  |f 1  |i snkČSP 1721/2003  |l 0  |o snkČSB 4250/4/1994  |p 17A0928368  |r 2026-02-21 20:43:28  |t č. 1-3  |w 2026-02-21  |y PREZ 
952 |0 0  |1 0  |4 0  |7 0  |a SNK  |b SNK  |d 2015-09-07  |f 1  |i snkČSP 1723/2003  |l 0  |o snkČSB 4250/5/1995  |p 17A0928367  |r 2026-02-21 20:43:28  |t č. 1-4  |w 2026-02-21  |y PREZ 
952 |0 0  |1 0  |4 0  |7 0  |a SNK  |b SNK  |d 2015-09-07  |f 1  |i snkČSP 1725/2003  |l 0  |o snkČSB 4250/6/1996  |p 17A0928366  |r 2026-02-21 20:43:28  |t č. 1-2  |w 2026-02-21  |y PREZ 
952 |0 0  |1 0  |4 0  |7 0  |a SNK  |b SNK  |d 2013-01-25  |f 1  |i snkČSP 1365/94  |l 0  |o snkČSB 4250/1/1991  |p 17A0928321  |r 2026-02-21 21:23:49  |t č. 1  |w 2026-02-21  |y PREZ